Loading...
| History - American History | 0 | 9 | 0 | 2 | 90 | 43 | 69.89 | 1 | 2 |
| History - European History | 0 | 8 | 1 | 2 | 75 | 22 | 63.25 | 1 | 4 |
| Mythology | 0 | 7 | 0 | 1 | 70 | 16 | 52.86 | 3 | 4 |
| History - World History | 0 | 7 | 0 | 0 | 70 | 20 | 34.57 | 2 | 5 |
| Social Science | 0 | 6 | 0 | 2 | 60 | 59 | 82.33 | 0 | 0 |
| Fine Arts - Other Fine Arts | 0 | 5 | 0 | 1 | 50 | 47 | 75.60 | 0 | 2 |
| Religion | 0 | 5 | 1 | 2 | 45 | 34 | 74.20 | 1 | 2 |
| Science - Biology | 0 | 5 | 1 | 0 | 45 | 17 | 51.60 | 1 | 3 |
| Literature - European Literature | 0 | 5 | 1 | 0 | 45 | 51 | 85.60 | 1 | 1 |
| Literature - American Literature | 0 | 4 | 0 | 1 | 40 | 46 | 81.50 | 0 | 1 |
| Literature - World Literature | 0 | 3 | 0 | 0 | 30 | 23 | 65.00 | 1 | 2 |
| Fine Arts - Classical Music | 0 | 3 | 0 | 0 | 30 | 71 | 94.00 | 0 | 0 |
| Philosophy | 0 | 3 | 0 | 0 | 30 | 86 | 94.00 | 0 | 0 |
| Literature - British Literature | 0 | 3 | 1 | 0 | 25 | 30 | 53.67 | 1 | 2 |
| Science - Physics | 0 | 3 | 1 | 1 | 25 | 37 | 66.67 | 0 | 2 |
| Science - Chemistry | 0 | 2 | 0 | 0 | 20 | 66 | 74.00 | 0 | 1 |
| Geography | 0 | 2 | 0 | 0 | 20 | 58 | 84.00 | 0 | 0 |
| Current Events | 0 | 2 | 0 | 1 | 20 | 36 | 67.00 | 1 | 1 |
| Painting/Sculpture | 0 | 2 | 1 | 0 | 15 | 11 | 58.50 | 1 | 1 |
| Science - Other Science | 0 | 1 | 1 | 0 | 5 | 35 | 35.00 | 1 | 1 |
| History - Other History | 0 | 3 | 5 | 0 | 5 | 13 | 42.33 | 2 | 3 |
| Pop Culture | 0 | 0 | 1 | 0 | -5 | 0.00 | 0 | 0 |